| 000 | 01008nam a22003017a 4500 | ||
|---|---|---|---|
| 001 | 663 | ||
| 005 | 20250828111939.0 | ||
| 020 | _a0881061514 (hc) | ||
| 020 | _a0881061506 (sc) | ||
| 040 |
_aDLC _cDLC _dDLC _beng |
||
| 050 | 0 | 0 |
_aQA113 _b.P35 2005 |
| 082 | 0 | 0 |
_a513.2/11 _221 |
| 100 | 1 | _aPallotta, Jerry. | |
| 245 | 1 | 0 |
_aOcean counting : _bodd numbers / _cJerry Pallotta ; illustrated by Shennen Bersani. |
| 260 |
_aWatertown, MA : _bCharlesbridge, _c2005. |
||
| 300 |
_a32 unnumbered pages : _bcolor illustrations ; _c23 x 29 cm. |
||
| 505 | _aM | ||
| 520 | _aPresents information about a variety of sea creatures, from one striped bass to 50 blue sharks. | ||
| 521 |
_a630
_bLexile |
||
| 521 |
_aM
_bRaz-Plus |
||
| 650 | 0 |
_aCounting _vJuvenile literature. |
|
| 650 | 0 |
_aMarine animals _vJuvenile literature. |
|
| 650 | 1 | _aMarine animals. | |
| 650 | 1 | _aCounting. | |
| 700 | 1 |
_aBersani, Shennen, _eillustrator. |
|
| 906 |
_a7 _bcbc _corignew _d1 _eocip _f19 _gy-gencatlg |
||
| 942 |
_2ddc _cBK _n0 |
||
| 999 |
_c663 _d663 |
||